01160nam a2200217Ia 4500003000400000005001700004008004100021020001800062040002100080041000800101082002200109100004200131245018800173260005900361300002900420490003800449505016400487520022500651650002400876700004200900OSt20200408122158.0191128s2016 ck gr 000 0 spa d a9789585971103 aCO-JMCRcCO-JMCR0 aspa04a300.71 / bP981g 1 aPulgarin Silva, Raquel, eCompiladora 0aLa geografía escondida en el sistema educativo nacional /bMemorias de Expogeográfica 2014, parte I - Educación geográfica / cRaquel Pulgarín Silva, Eufrasio Bernal Duffo,  aBogotá : bSociedad geográfica de colombia, c2016 a187 páginas ; c22 cm.0 aExposiciones geográficas ; v10 aTensiones de la geografía escolar colombiana dentro del campo de las ciencias sociales y su disiplina referente / Alejandra Tobar Caro -- A geografia escolar aEn el 2014, la sociedad geográfica de Colombia llevó a cabo la primera versión de Expogeográfica, un certamen que ha tenido como objetivo mover en el mismo sentido a todos los sectores de la geografía nacional.14aGeografía escolar1 aBernal Duffo, Eufracio, e Compilador